000 01269nam a2200337 c 4500
003 BLK
005 20180422113321.0
008 180410b bul|||||r ||||||| ||bul||
010 _aKNG00161411000
020 _a978-954-492-212-2
_bиздат.: Нов Златорог
040 _aBLK
041 _aBUL
_cBUL
072 7 _2bullib
_aН83
_xЧужда художествена литература Н
080 _aМакедонска литература
_b821.163.3
_x-1
_z821.163.3-1
100 1 _aУрошевич, Влада
_eпърви автор
_9133152
700 1 _aКадийски, Кирил Крумов
_eпрев.
_9364061
139 _aУрошевич, Влада
_bУ 76
245 1 0 _aПоезия
_cВлада Урошевич; прев. Кирил Крумов Кадийски.
257 _aMAK
260 София
_bНов Златорог
_c2006
_fСофия : Скала
300 _a128 с.
_c18Х15 см
380 _aX
490 1 _aArs poetica europea XX
500 _aОриг. загл.: Песни / Влада Урошевиk.
659 _aН
852 _aЦб І 35550
856 4 _qpdf
_u
856 4 _qpdf
_u
942 _cKNG
_n0
944 _aCR
_c30.05.2014
_kВиолета_Тройчева
944 _aED
_c11.02.2015
_kГрета_Цуфелде
999 _c154770
_d154770